Dialogue-Vol. xxxiv (Record no. 4807)
[ view plain ]
| 000 -LEADER | |
|---|---|
| fixed length control field | 00346nam a2200109 4500 |
| 008 - FIXED-LENGTH DATA ELEMENTS--GENERAL INFORMATION | |
| fixed length control field | 240223b |||||||| |||| 00| 0 eng d |
| 022 ## - INTERNATIONAL STANDARD SERIAL NUMBER | |
| ISSN | 13911201 |
| 942 ## - ADDED ENTRY ELEMENTS (KOHA) | |
| Item Type | Periodicals |
| 245 ## - TITLE STATEMENT | |
| Title | Dialogue-Vol. xxxiv |
| 246 ## - VARYING FORM OF TITLE | |
| Title | The Political of Language : A Spectrum of perspectives on fifty years of Sinhala only in Sri Lanka : 1956-2006 |
| Remainder of Title | New series |
| 260 ## - PUBLICATION, DISTRIBUTION, ETC. (IMPRINT) | |
| Date of Copyright | 2007 |
| Withdrawn status | Lost status | Source of classification or shelving scheme | Damaged status | Not for loan | Permanent location | Current location | Date acquired | Total Checkouts | Barcode | Date last seen | Price effective from | Koha item type |
|---|---|---|---|---|---|---|---|---|---|---|---|---|
| Dewey Decimal Classification | Resource center, Muslim Women's Research And Action Forum | Resource center, Muslim Women's Research And Action Forum | 2024-02-23 | RAF5099 | 2024-02-23 | 2024-02-23 | Periodicals |

